Vocabulaire juridique 8e édition / (Record no. 1300)

MARC details
000 -LEADER
fixed length control field 01082cam a2200325Mi 4500
001 - CONTROL NUMBER
control field ocn123229085
003 - CONTROL NUMBER IDENTIFIER
control field TZ-ArACH
005 - DATE AND TIME OF LATEST TRANSACTION
control field 20171002123728.0
008 - FIXED-LENGTH DATA ELEMENTS--GENERAL INFORMATION
fixed length control field 070412s2007 fr 000 0 fre d
020 ## - INTERNATIONAL STANDARD BOOK NUMBER
International Standard Book Number 9782130559863
035 ## - SYSTEM CONTROL NUMBER
System control number (OCoLC)123229085
040 ## - CATALOGING SOURCE
Original cataloging agency TZT
Transcribing agency TZ-ArACH
Modifying agency AUXAM
-- LVB
-- NLGGC
-- LGG
041 ## - LANGUAGE CODE
Language code of text/sound track or separate title Fre
049 ## - LOCAL HOLDINGS (OCLC)
Holding library TZAA
050 #4 - LIBRARY OF CONGRESS CALL NUMBER
Classification number KJV115
Item number .V63 2007
100 ## - MAIN ENTRY--PERSONAL NAME
Personal name Cornu, Gérard
110 2# - MAIN ENTRY--CORPORATE NAME
Corporate name or jurisdiction name as entry element Association Henri Capitant.
9 (RLIN) 1884
245 10 - TITLE STATEMENT
Title Vocabulaire juridique 8e édition /
Statement of responsibility, etc association Henri Capitant ; publié sous la direction de Gérard Cornu.
250 ## - EDITION STATEMENT
Edition statement 8e édition mise à jour.
260 ## - PUBLICATION, DISTRIBUTION, ETC. (IMPRINT)
Place of publication, distribution, etc Paris :
Name of publisher, distributor, etc Presses universitaires de France,
Date of publication, distribution, etc 2007.
300 ## - PHYSICAL DESCRIPTION
Extent xx, 986 p.
Dimensions 20 cm.
490 1# - SERIES STATEMENT
Series statement Quadrige . Dicos poche
650 #6 - SUBJECT ADDED ENTRY--TOPICAL TERM
Topical term or geographic name as entry element Droit
Form subdivision Dictionnaires français.
9 (RLIN) 1885
650 #6 - SUBJECT ADDED ENTRY--TOPICAL TERM
Topical term or geographic name as entry element Droit
Geographic subdivision France
Form subdivision Dictionnaires français.
9 (RLIN) 1886
650 #0 - SUBJECT ADDED ENTRY--TOPICAL TERM
Topical term or geographic name as entry element Law
Geographic subdivision France
Form subdivision Dictionaries.
9 (RLIN) 1887
650 #0 - SUBJECT ADDED ENTRY--TOPICAL TERM
Topical term or geographic name as entry element Law
Form subdivision Dictionaries
General subdivision French.
9 (RLIN) 1888
653 ## - INDEX TERM--UNCONTROLLED
Uncontrolled term Law
-- Dictionary
830 #0 - SERIES ADDED ENTRY--UNIFORM TITLE
Uniform title Quadrige .
Name of part/section of a work Dicos poche.
9 (RLIN) 1889
942 ## - ADDED ENTRY ELEMENTS (KOHA)
Source of classification or shelving scheme Library of Congress Classification
Koha item type Books
Holdings
Home library Current library Shelving location Date acquired Full call number Barcode Koha item type
African Court on Human and Peoples' Rights Library African Court on Human and Peoples' Rights Library   09/08/2011 KJV115 .V63 2007 10013075 Books
African Court on Human and Peoples' Rights Library African Court on Human and Peoples' Rights Library   09/08/2011 KJV115 .V63 2007 10010610 Books
African Court on Human and Peoples' Rights Library African Court on Human and Peoples' Rights Library   09/08/2011 KJV115 .V63 2007 10010653 Books
African Court on Human and Peoples' Rights Library African Court on Human and Peoples' Rights Library   26/09/2011 KJV115 .V63 2007 10013814 Books

African Court on Human and Peoples' Rights | For Inquiries Contact » +255 272 510 510